000 00196 a2200109 4500
020 _a9781583568842
041 _aeng
100 _aDelta Educacion
245 _aTrees
942 _cBK
952 _71
999 _c21541
_d21541